[Event "Bad Bertrich op 17th"]
[Site "Bad Bertrich"]
[Date "2009.12.10"]
[Round "7"]
[White "Dewald, Hans Peter"]
[Black "Scheidt, Eugen"]
[Result "1-0"]
[WhiteElo "1652"]
[BlackElo "1775"]
[PlyCount "42"]
[EventDate "2009.12.04"]
[EventType "swiss"]
[EventRounds "9"]
[EventCountry "GER"]
[SourceTitle "CBM 134 Extra"]
[Source "ChessBase"]
[SourceDate "2010.03.03"]
[SourceVersion "1"]
[SourceVersionDate "2010.03.03"]
[SourceQuality "1"]

1. d4 Nf6 2. Nf3 d5 3. g3 b6 4. Bg2 Bb7 5. 0-0 e6 6. b3 Nbd7 7. Bb2 Bd6 8. Nbd2 0-0 9. c4 c5 10. Re1 Rc8 11. Ne5 cxd4 12. Nxd7 Qxd7 13. cxd5 e5 14. e4 dxe3 15. Rxe3 Nxd5 16. Re2 Rfd8 17. Nc4 Bb8 18. Rd2 f6 19. Qf3 Qe6 20. Rad1 Bc7 21. h4 Rb8 1-0

[Event "Bad Bertrich Seniors op 17th"]
[Site "Bad Bertrich"]
[Date "2009.12.05"]
[Round "2"]
[White "Aufmwasser, Guenter"]
[Black "Scheidt, Eugen"]
[Result "1/2-1/2"]
[WhiteElo "1573"]
[BlackElo "1743"]
[PlyCount "21"]
[EventDate "2009.12.04"]
[EventType "swiss"]
[EventRounds "9"]
[EventCountry "GER"]
[SourceTitle "EXT 2022"]
[Source "ChessBase"]
[SourceDate "2021.10.06"]
[SourceVersion "1"]
[SourceVersionDate "2021.10.06"]
[SourceQuality "1"]

1. Nf3 Nf6 2. b3 g6 3. Bb2 Bg7 4. e3 0-0 5. c4 c5 6. d3 b6 7. Be2 Bb7 8. 0-0 d6 9. Nbd2 Nc6 10. a3 e6 11. Qe1 1/2-1/2

[Event "Seefeld op 18th"]
[Site "Seefeld"]
[Date "2007.09.08"]
[Round "8"]
[White "Rampler, Evelyn"]
[Black "Scheidt, Eugen"]
[Result "1-0"]
[WhiteElo "1588"]
[BlackElo "1981"]
[PlyCount "61"]
[EventDate "2007.09.01"]
[EventType "swiss"]
[EventRounds "9"]
[EventCountry "AUT"]
[SourceTitle "EXT 2009"]
[Source "ChessBase"]
[SourceDate "2008.11.26"]
[SourceVersion "1"]
[SourceVersionDate "2008.11.26"]
[SourceQuality "1"]

1. e4 c5 2. Nc3 Nc6 3. g3 e6 4. Bg2 g6 5. d3 Bg7 6. Be3 d6 7. Qd2 Nge7 8. Nge2 Nd4 9. 0-0 Qa5 10. Nc1 Rb8 11. Nb3 Qd8 12. Bxd4 cxd4 13. Nb5 Nc6 14. e5 dxe5 15. Bxc6+ bxc6 16. Nxa7 Qb6 17. Nxc8 Rxc8 18. Qa5 Qxa5 19. Nxa5 0-0 20. Nc4 Rfd8 21. f3 Rb8 22. b3 f6 23. a4 Ra8 24. a5 Ra6 25. b4 Bf8 26. Rfb1 Rd5 27. Ra4 Rb5 28. Rb3 c5 29. bxc5 Rxb3 30. cxb3 Bxc5 31. b4 1-0

[Event "Seefeld op 18th"]
[Site "Seefeld"]
[Date "2007.09.01"]
[Round "1"]
[White "Gruber, Michael"]
[Black "Scheidt, Eugen"]
[Result "1-0"]
[WhiteElo "2160"]
[BlackElo "1981"]
[PlyCount "81"]
[EventDate "2007.09.01"]
[EventType "swiss"]
[EventRounds "9"]
[EventCountry "AUT"]
[SourceTitle "EXT 2009"]
[Source "ChessBase"]
[SourceDate "2008.11.26"]
[SourceVersion "1"]
[SourceVersionDate "2008.11.26"]
[SourceQuality "1"]

1. e4 c5 2. Nf3 d6 3. d4 cxd4 4. Nxd4 Nf6 5. Nc3 a6 6. Be2 e5 7. Nb3 Be6 8. Be3 Be7 9. 0-0 Nbd7 10. a4 b6 11. f3 Qc7 12. Nd5 Nxd5 13. exd5 Bf5 14. c4 Nc5 15. a5 0-0 16. axb6 Qxb6 17. Nxc5 dxc5 18. Bd3 Bxd3 19. Qxd3 a5 20. Ra3 Rfb8 21. b3 Bd6 22. Bd2 h6 23. Rfa1 Ra6 24. Bxa5 Qb7 25. Bd2 Rxa3 26. Rxa3 Ra8 27. Rxa8+ Qxa8 28. Qb1 Qa3 29. Bc3 Kf8 30. Qb2 Qxb2 31. Bxb2 Ke7 32. Kf2 f6 33. Ke3 g6 34. Kd3 f5 35. Kc3 g5 36. Ba3 Kd7 37. b4 cxb4+ 38. Bxb4 Bxb4+ 39. Kxb4 Kd6 40. Kc3 Kc5 41. g4 1-0

[Event "Bad Woerishofen Seniors opA 23rd"]
[Site "Bad Woerishofen"]
[Date "2007.03.15"]
[Round "8"]
[White "Scheidt, Eugen"]
[Black "Harke, Horst"]
[Result "1/2-1/2"]
[WhiteElo "1756"]
[BlackElo "1574"]
[PlyCount "23"]
[EventDate "2007.03.08"]
[EventType "swiss"]
[EventRounds "9"]
[EventCountry "GER"]
[SourceTitle "EXT 2022"]
[Source "ChessBase"]
[SourceDate "2021.10.06"]
[SourceVersion "1"]
[SourceVersionDate "2021.10.06"]
[SourceQuality "1"]

1. f4 d5 2. Nf3 Nf6 3. e3 e6 4. Be2 Bd6 5. 0-0 0-0 6. b3 Qe7 7. Bb2 c5 8. Ne5 Nc6 9. d4 cxd4 10. exd4 Ne4 11. Nd2 Nxd2 12. Qxd2 1/2-1/2

[Event "Seefeld op 17th"]
[Site "Seefeld"]
[Date "2006.09.24"]
[Round "2"]
[White "Laux, Dieter"]
[Black "Scheidt, Eugen"]
[Result "0-1"]
[WhiteElo "1228"]
[BlackElo "1980"]
[PlyCount "158"]
[EventDate "2006.09.23"]
[EventType "swiss"]
[EventRounds "9"]
[EventCountry "AUT"]
[SourceTitle "EXT 2009"]
[Source "ChessBase"]
[SourceDate "2008.11.26"]
[SourceVersion "1"]
[SourceVersionDate "2008.11.26"]
[SourceQuality "1"]

1. e4 c5 2. Nf3 d6 3. d4 cxd4 4. Nxd4 Nf6 5. Nc3 a6 6. Bg5 e6 7. f4 Nbd7 8. Qf3 Qc7 9. Bxf6 gxf6 10. 0-0-0 Bg7 11. g4 0-0 12. h4 b5 13. a3 Bb7 14. Bg2 Rab8 15. Qg3 Kh8 16. h5 h6 17. f5 e5 18. Ndxb5 axb5 19. Nxb5 Qb6 20. Nxd6 Ba6 21. b4 Nc5 22. Rd5 Nb7 23. Rhd1 Be2 24. R1d2 Nxd6 25. Rxe2 Rfc8 26. Bf1 Nb5 27. Red2 Nd4 28. c4 Bf8 29. Rb2 Nc6 30. c5 Nd4 31. Bc4 Bxc5 32. Kb1 Bf8 33. Rb5 Qc6 34. Rxb8 Qxc4 35. Rxc8 Qxc8 36. Qd3 Qc6 37. Ka2 Be7 38. b5 Qb6 39. a4 Kg7 40. Kb1 Bd8 41. Ka2 Qa5 42. Qc4 Bb6 43. Qb4 Qa8 44. Qe1 Qxa4+ 45. Kb1 Nxb5 46. Qb4 Qxb4 47. Rxb4 Nc3+ 48. Kc2 Bd4 49. Kd3 Nd1 50. Ke2 Ne3 51. Kf3 Nd1 52. Rb3 Nb2 53. Ke2 Nc4 54. Rb4 Nb6 55. Rb3 Kf8 56. Ra3 Ke7 57. Ra7+ Nd7 58. Rb7 Bg1 59. Kf3 Bh2 60. Ke2 Bf4 61. Kf3 Bg5 62. Ke2 Kd6 63. Rb5 Kc6 64. Rb4 Nb6 65. Kd3 Kc5 66. Rb3 Bh4 67. Rc3+ Kd6 68. Ke2 Nd7 69. Rd3+ Kc6 70. Rc3+ Nc5 71. Kf3 Kb5 72. Rc2 Bg5 73. Ra2 Kc4 74. Re2 Kd3 75. Re1 Bf4 76. Re2 Bd2 77. Rg2 Nxe4 78. Rh2 Ng5+ 79. Kg3 Bf4+ 0-1

[Event "Seefeld op 17th"]
[Site "Seefeld"]
[Date "2006.09.23"]
[Round "1"]
[White "Scheidt, Eugen"]
[Black "Kroencke, Manfred"]
[Result "0-1"]
[WhiteElo "1980"]
[BlackElo "2183"]
[PlyCount "56"]
[EventDate "2006.09.23"]
[EventType "swiss"]
[EventRounds "9"]
[EventCountry "AUT"]
[SourceTitle "EXT 2009"]
[Source "ChessBase"]
[SourceDate "2008.11.26"]
[SourceVersion "1"]
[SourceVersionDate "2008.11.26"]
[SourceQuality "1"]

1. e4 c5 2. Nf3 e6 3. d4 cxd4 4. Nxd4 Nc6 5. Nc3 Qc7 6. Be3 a6 7. Be2 Nf6 8. 0-0 Bb4 9. f3 0-0 10. Nxc6 bxc6 11. Bd2 d5 12. exd5 exd5 13. a3 Bd6 14. f4 Bf5 15. Kh1 d4 16. Na2 c5 17. Bf3 Rab8 18. Qc1 Rfe8 19. b4 c4 20. g3 Ne4 21. Be1 Bh3 22. Bg2 Bxg2+ 23. Kxg2 Qc6 24. Kg1 Bc7 25. h3 f5 26. Qd1 Rbd8 27. Nc1 Qa4 28. Ne2 Bb6 0-1

[Event "Bad Woerishofen Seniors opA 22th"]
[Site "Bad Woerishofen"]
[Date "2006.03.23"]
[Round "7"]
[White "Scheidt, Eugen"]
[Black "Schueler, Wolfgang"]
[Result "1/2-1/2"]
[WhiteElo "1763"]
[BlackElo "1957"]
[PlyCount "35"]
[EventDate "2006.03.17"]
[EventType "swiss"]
[EventRounds "9"]
[EventCountry "GER"]
[SourceTitle "EXT 2022"]
[Source "ChessBase"]
[SourceDate "2021.10.06"]
[SourceVersion "1"]
[SourceVersionDate "2021.10.06"]
[SourceQuality "1"]

1. e4 e5 2. Nf3 Nc6 3. Bb5 a6 4. Ba4 Nf6 5. 0-0 Be7 6. Re1 b5 7. Bb3 d6 8. c3 0-0 9. h3 Na5 10. Bc2 c5 11. d4 Qc7 12. d5 Bd7 13. Nbd2 Ne8 14. Nf1 Nc4 15. Ng3 Nb6 16. b3 Nf6 17. Be3 a5 18. a3 1/2-1/2

[Event "Bad Woerishofen op 22nd"]
[Site "Bad Woerishofen"]
[Date "2006.03.19"]
[Round "3"]
[White "Schirmer, Werner"]
[Black "Scheidt, Eugen"]
[Result "1/2-1/2"]
[WhiteElo "2063"]
[BlackElo "1985"]
[PlyCount "52"]
[EventDate "2006.03.17"]
[EventType "swiss"]
[EventRounds "9"]
[EventCountry "GER"]
[SourceTitle "CBM 111 Extra"]
[Source "ChessBase"]
[SourceDate "2006.05.09"]
[SourceVersion "1"]
[SourceVersionDate "2006.05.09"]
[SourceQuality "1"]

1. e4 c5 2. Nf3 d6 3. d4 cxd4 4. Nxd4 Nf6 5. Nc3 a6 6. Be3 e5 7. Nb3 Be6 8. f3 Be7 9. Qd2 Nbd7 10. Be2 Qc7 11. 0-0 0-0 12. Rfd1 Rac8 13. Rac1 Rfd8 14. Nd5 Nxd5 15. exd5 Bf5 16. Bd3 Bg6 17. Bxg6 hxg6 18. Qf2 g5 19. c4 Re8 20. Qd2 Qd8 21. c5 dxc5 22. d6 Bf6 23. Nxc5 Nxc5 24. Rxc5 Rxc5 25. Bxc5 Qd7 26. Rc1 Rc8 1/2-1/2

[Event "Bad Bertrich Seniors op"]
[Site "Bad Bertrich"]
[Date "2005.12.02"]
[Round "1"]
[White "Scheidt, Eugen"]
[Black "Khanukov, Boris"]
[Result "0-1"]
[WhiteElo "1985"]
[BlackElo "2390"]
[PlyCount "38"]
[EventDate "2005.12.02"]
[EventType "swiss"]
[EventRounds "9"]
[EventCountry "GER"]
[SourceTitle "EXT 2007"]
[Source "ChessBase"]
[SourceDate "2006.11.23"]
[SourceVersion "1"]
[SourceVersionDate "2006.11.23"]
[SourceQuality "1"]

1. e4 c6 2. d4 d5 3. exd5 cxd5 4. Bd3 Nc6 5. Nf3 g6 6. c3 Bg7 7. Bf4 Nh6 8. 0-0 f6 9. Qc2 Nf7 10. h4 e5 11. dxe5 fxe5 12. Bg5 Nxg5 13. Nxg5 e4 14. Re1 0-0 15. Bxe4 dxe4 16. Qb3+ Kh8 17. Nf7+ Rxf7 18. Qxf7 Ne5 19. Qb3 Nd3 0-1

[Event "Bad Woerishofen Seniors op 21st"]
[Site "Bad Woerishofen"]
[Date "2005.03.10"]
[Round "8"]
[White "Hausner, Alfreda"]
[Black "Scheidt, Eugen"]
[Result "1/2-1/2"]
[WhiteElo "1765"]
[BlackElo "1738"]
[PlyCount "31"]
[EventDate "2005.03.03"]
[EventType "swiss"]
[EventRounds "9"]
[EventCountry "GER"]
[SourceTitle "EXT 2006"]
[Source "ChessBase"]
[SourceDate "2005.11.24"]
[SourceVersion "1"]
[SourceVersionDate "2005.11.24"]
[SourceQuality "1"]

1. d4 Nf6 2. Nf3 b6 3. e3 Bb7 4. Be2 e6 5. Nbd2 Be7 6. 0-0 0-0 7. c3 d6 8. Qc2 d5 9. c4 Nbd7 10. cxd5 exd5 11. b3 Rc8 12. Bb2 c5 13. dxc5 bxc5 14. Rac1 Qb6 15. Qb1 Rfe8 16. Rfe1 1/2-1/2

[Event "Bad Woerishofen Seniors op 21st"]
[Site "Bad Woerishofen"]
[Date "2005.03.09"]
[Round "7"]
[White "Scheidt, Eugen"]
[Black "Aufmwasser, Guenter"]
[Result "1/2-1/2"]
[WhiteElo "1738"]
[BlackElo "1613"]
[PlyCount "24"]
[EventDate "2005.03.03"]
[EventType "swiss"]
[EventRounds "9"]
[EventCountry "GER"]
[SourceTitle "EXT 2006"]
[Source "ChessBase"]
[SourceDate "2005.11.24"]
[SourceVersion "1"]
[SourceVersionDate "2005.11.24"]
[SourceQuality "1"]

1. Nf3 Nf6 2. d4 d5 3. e3 c6 4. c4 e6 5. Nc3 Bb4 6. Bd2 0-0 7. Qc2 Bxc3 8. Bxc3 Ne4 9. Bb4 Re8 10. Bd3 f5 11. 0-0 Nd7 12. cxd5 exd5 1/2-1/2

[Event "Bad Woerishofen Seniors op 19th"]
[Site "Bad Woerishofen"]
[Date "2003.03.19"]
[Round "7"]
[White "Wohlfart, Karl Heinz"]
[Black "Scheidt, Eugen"]
[Result "1/2-1/2"]
[WhiteElo "1700"]
[BlackElo "2051"]
[PlyCount "32"]
[EventDate "2003.03.13"]
[EventType "swiss"]
[EventRounds "9"]
[EventCountry "GER"]
[SourceTitle "EXT 2004"]
[Source "ChessBase"]
[SourceDate "2003.11.25"]
[SourceVersion "1"]
[SourceVersionDate "2003.11.25"]
[SourceQuality "1"]

1. Nf3 Nf6 2. g3 b6 3. Bg2 Bb7 4. 0-0 g6 5. d3 Bg7 6. e4 d6 7. Qe2 Nbd7 8. Nbd2 0-0 9. Re1 c5 10. Nc4 Qc7 11. Bd2 Rfe8 12. a4 a6 13. Nh4 d5 14. exd5 Bxd5 15. Bxd5 Nxd5 16. Nf3 e6 1/2-1/2

[Event "Bad Woerishofen Seniors op 19th"]
[Site "Bad Woerishofen"]
[Date "2003.03.13"]
[Round "1"]
[White "Aufmwasser, Guenter"]
[Black "Scheidt, Eugen"]
[Result "1/2-1/2"]
[WhiteElo "1624"]
[BlackElo "2051"]
[PlyCount "30"]
[EventDate "2003.03.13"]
[EventType "swiss"]
[EventRounds "9"]
[EventCountry "GER"]
[SourceTitle "EXT 2004"]
[Source "ChessBase"]
[SourceDate "2003.11.25"]
[SourceVersion "1"]
[SourceVersionDate "2003.11.25"]
[SourceQuality "1"]

1. f4 d5 2. Nf3 g6 3. e3 Bg7 4. d4 Bg4 5. Be2 Bxf3 6. Bxf3 Nf6 7. 0-0 0-0 8. c3 Ne4 9. Nd2 f5 10. g3 Nxd2 11. Bxd2 c6 12. Qb3 Qb6 13. Qxb6 axb6 14. a3 Nd7 15. Rfe1 e6 1/2-1/2

[Event "Bad Bertrich op 11th"]
[Site "Bad Bertrich"]
[Date "2003.??.??"]
[Round "3"]
[White "Michael, Dirk"]
[Black "Scheidt, Eugen"]
[Result "1-0"]
[WhiteElo "2075"]
[BlackElo "2050"]
[PlyCount "83"]
[EventDate "2003.??.??"]
[EventType "swiss"]
[EventRounds "7"]
[EventCountry "GER"]
[SourceTitle "EXT 2007"]
[Source "ChessBase"]
[SourceDate "2006.11.23"]
[SourceVersion "1"]
[SourceVersionDate "2006.11.23"]
[SourceQuality "1"]

1. e4 c5 2. c4 Nc6 3. Nc3 g6 4. g3 Bg7 5. Bg2 e6 6. Nge2 Nge7 7. 0-0 0-0 8. d3 d6 9. Be3 Nd4 10. Rb1 Nec6 11. a3 a5 12. Bxd4 Nxd4 13. Nxd4 Bxd4 14. Ne2 Bg7 15. d4 cxd4 16. Nxd4 Qb6 17. Nb5 Ra6 18. Qd3 Rd8 19. Rfd1 Bf6 20. Kh1 Be7 21. f4 Bd7 22. Nd4 Qc7 23. Rbc1 Raa8 24. Nc2 Rac8 25. Ne3 b6 26. Rc2 Ba4 27. b3 Bc6 28. Ng4 Kg7 29. f5 exf5 30. Qd4+ f6 31. exf5 Bxg2+ 32. Rxg2 g5 33. Ne3 Qc5 34. Nd5 Qxd4 35. Rxd4 Bf8 36. Re2 Re8 37. Rde4 Rxe4 38. Rxe4 Kf7 39. Re6 Bg7 40. Rxd6 b5 41. Rd7+ Kf8 42. cxb5 1-0

[Event "Bad Woerishofen Seniors op 18th"]
[Site "Bad Woerishofen"]
[Date "2002.03.14"]
[Round "8"]
[White "Scheidt, Eugen"]
[Black "Meyer, Walter"]
[Result "1/2-1/2"]
[WhiteElo "1790"]
[BlackElo "1745"]
[PlyCount "37"]
[EventDate "2002.03.??"]
[EventType "swiss"]
[EventRounds "9"]
[EventCountry "GER"]
[SourceTitle "EXT 2006"]
[Source "ChessBase"]
[SourceDate "2005.11.24"]
[SourceVersion "1"]
[SourceVersionDate "2005.11.24"]
[SourceQuality "1"]

1. e4 c5 2. Nf3 Nc6 3. d4 cxd4 4. Nxd4 g6 5. c4 Bg7 6. Be3 d6 7. Nc3 a6 8. Qd2 Nf6 9. f3 Bd7 10. Be2 0-0 11. 0-0 Rc8 12. Rac1 Qa5 13. Nb3 Qd8 14. c5 Be6 15. cxd6 Qxd6 16. Qxd6 exd6 17. Nd4 Nxd4 18. Bxd4 d5 19. e5 1/2-1/2

[Event "Bad Woerishofen Seniors op 18th"]
[Site "Bad Woerishofen"]
[Date "2002.03.07"]
[Round "1"]
[White "Krueger, Manfred"]
[Black "Scheidt, Eugen"]
[Result "1-0"]
[WhiteElo "1446"]
[BlackElo "1790"]
[PlyCount "85"]
[EventDate "2002.03.??"]
[EventType "swiss"]
[EventRounds "9"]
[EventCountry "GER"]
[SourceTitle "EXT 2006"]
[Source "ChessBase"]
[SourceDate "2005.11.24"]
[SourceVersion "1"]
[SourceVersionDate "2005.11.24"]
[SourceQuality "1"]

1. e4 c5 2. Nf3 d6 3. d4 cxd4 4. Nxd4 Nf6 5. Nc3 a6 6. f3 e5 7. Nb3 Be6 8. Nd5 Nxd5 9. exd5 Bf5 10. Bd3 Bg6 11. Bxg6 hxg6 12. Be3 Nd7 13. Qd2 b6 14. 0-0-0 Be7 15. Qf2 g5 16. g3 f5 17. f4 0-0 18. fxe5 dxe5 19. d6 Bf6 20. Qxf5 a5 21. Qe6+ Kh8 22. Nd2 Re8 23. Qf7 e4 24. Qg6 Re6 25. Qf5 Re5 26. Qg4 Rc8 27. Nxe4 Rb5 28. Qh3+ Kg8 29. Nxf6+ Qxf6 30. Bd4 Qg6 31. Bc3 g4 32. Qf1 Rbc5 33. Qd3 Qe6 34. Kb1 b5 35. Rde1 Qd5 36. Qg6 Rxc3 37. bxc3 Ne5 38. Qf5 Rc5 39. Rd1 Qc6 40. Qe6+ Kf8 41. Rhf1+ Nf3 42. Qxg4 Rxc3 43. d7 1-0

[Event "Bad Woerishofen Seniors op 16th"]
[Site "Bad Woerishofen"]
[Date "2000.??.??"]
[Round "4"]
[White "Josting, Friedel"]
[Black "Scheidt, Eugen"]
[Result "0-1"]
[WhiteElo "1790"]
[BlackElo "1915"]
[PlyCount "72"]
[EventDate "2000.03.??"]
[EventType "swiss"]
[EventRounds "9"]
[EventCountry "GER"]
[SourceTitle "EXT 2003"]
[Source "ChessBase"]
[SourceDate "2002.11.25"]
[SourceVersion "1"]
[SourceVersionDate "2002.11.25"]
[SourceQuality "1"]

1. Nf3 c5 2. c3 e6 3. d4 d5 4. Bf4 Nc6 5. e3 Nf6 6. Nbd2 Be7 7. h3 0-0 8. Bd3 b6 9. g4 Bb7 10. g5 Nh5 11. h4 cxd4 12. Nxd4 Nxf4 13. exf4 Nxd4 14. cxd4 Qc7 15. Qh5 g6 16. Qg4 f5 17. Qe2 Kf7 18. Nf3 Qxf4 19. Ne5+ Kg7 20. Nd7 Rfe8 21. Bb5 a6 22. Nf6 axb5 23. Nxe8+ Rxe8 24. Kf1 Qe4 25. Qxe4 dxe4 26. Rc1 Rc8 27. Ke2 Rxc1 28. Rxc1 Bd6 29. Rc3 b4 30. Rc2 h6 31. a3 b3 32. Rc3 Bd5 33. Rc8 hxg5 34. hxg5 Bxa3 35. Rb8 Bxb2 36. Ke3 Bc1+ 0-1

[Event "Bad Woerishofen Seniors op 16th"]
[Site "Bad Woerishofen"]
[Date "2000.??.??"]
[Round "1"]
[White "Scheidt, Eugen"]
[Black "Block, Herbert"]
[Result "1-0"]
[WhiteElo "1915"]
[BlackElo "1615"]
[PlyCount "77"]
[EventDate "2000.03.??"]
[EventType "swiss"]
[EventRounds "9"]
[EventCountry "GER"]
[SourceTitle "EXT 2003"]
[Source "ChessBase"]
[SourceDate "2002.11.25"]
[SourceVersion "1"]
[SourceVersionDate "2002.11.25"]
[SourceQuality "1"]

1. e4 c5 2. Nf3 d6 3. d4 cxd4 4. Nxd4 a6 5. Bd3 Nf6 6. 0-0 Nc6 7. c3 e5 8. Nf5 g6 9. Ng3 h5 10. h3 Be7 11. Na3 h4 12. Ne2 d5 13. exd5 Nxd5 14. f4 Qb6+ 15. Kh1 Ne3 16. Bxe3 Qxe3 17. Nc4 Qc5 18. b4 Qa7 19. Nxe5 Be6 20. Nxc6 bxc6 21. Qa4 Bd7 22. Qc2 Qb7 23. f5 g5 24. Be4 Qc7 25. f6 Bd6 26. Bf5 0-0-0 27. Rad1 g4 28. Ng1 gxh3 29. Nxh3 Be5 30. c4 Kb7 31. Bxd7 Rxd7 32. Rxd7 Qxd7 33. b5 axb5 34. cxb5 Rd8 35. bxc6+ Qxc6 36. Qb3+ Ka6 37. Qa3+ Kb7 38. Rb1+ Kc7 39. Rc1 1-0